[Bankopoisťovníctvo]
Recenzia publikácie A. Korauša Bankopoisťovníctvo. Publikácia analyzuje príčiny, prečo banky a poisťovacie spoločnosti vstupujú do bankopoisťovacích príprav a prezentujú možnú spoluprácu. Autor sa zameriava na špeciálne potreby operácií bankopoistenia.
Gespeichert in:
| 1. Verfasser: | |
|---|---|
| Format: | Buchkapitel |
| Sprache: | Slowakisch |
| Schlagworte: | |
| Tags: |
Keine Tags, Fügen Sie das erste Tag hinzu!
|
MARC
| LEADER | 00000naa$a2200000$$$4500 | ||
|---|---|---|---|
| 001 | 0052278 | ||
| 005 | 20240502083136.4 | ||
| 041 | 0 | |a slo | |
| 044 | |a CZ | ||
| 245 | 1 | 0 | |a [Bankopoisťovníctvo] |c Barbora Drugdová |
| 520 | |a Recenzia publikácie A. Korauša Bankopoisťovníctvo. Publikácia analyzuje príčiny, prečo banky a poisťovacie spoločnosti vstupujú do bankopoisťovacích príprav a prezentujú možnú spoluprácu. Autor sa zameriava na špeciálne potreby operácií bankopoistenia. | ||
| 610 | 2 | 0 | |a recenzie |
| 610 | 2 | 0 | |a bankovníctvo |
| 610 | 2 | 0 | |a poisťovníctvo |
| 610 | 2 | 0 | |a bankopoisťovne |
| 100 | 1 | |a Drugdová, Barbora | |